[Event "Niteroi op 3rd"]
[Site "Niteroi"]
[Date "2023.09.10"]
[Round "9"]
[White "Leite, Anderson Ribeiro"]
[Black "Cruz, Nuno Gabriel Mendes"]
[Result "0-1"]
[WhiteElo "1492"]
[BlackElo "1818"]
[PlyCount "94"]
[EventDate "2023.09.04"]
[EventType "swiss"]
[EventRounds "9"]
[EventCountry "BRA"]
[SourceTitle "EXT 2024"]
[Source "ChessBase"]
[SourceDate "2023.10.10"]
[SourceVersion "1"]
[SourceVersionDate "2023.10.10"]
[SourceQuality "1"]

1. e4 d6 2. d4 g6 3. Nf3 Nf6 4. Nc3 Bg7 5. Bc4 c6 6. Bg5 b5 7. Be2 b4 8. Bxf6 Bxf6 9. Na4 Qa5 10. b3 0-0 11. Rc1 Nd7 12. 0-0 Nb6 13. Nxb6 axb6 14. Ra1 Be6 15. Qc1 Kg7 16. Qe3 h6 17. e5 Bg5 18. Nxg5 hxg5 19. Qxg5 f6 20. exf6+ exf6 21. Qxa5 Rxa5 22. Rfb1 Rfa8 23. Rb2 d5 24. f4 c5 25. dxc5 bxc5 26. Kf2 Kf7 27. h3 Ke7 28. Ke3 Kd6 29. Bf3 R5a7 30. g4 Ra3 31. h4 c4 32. h5 c3 33. Rbb1 Rxa2 34. Rxa2 Rxa2 35. Rc1 Kc5 36. h6 Ra7 37. g5 fxg5 38. fxg5 Bf5 39. Kf4 Re7 40. Rh1 Bxc2 41. h7 Rxh7 42. Rxh7 Bxb3 43. Ke3 d4+ 44. Kd3 Bc4+ 45. Kc2 b3+ 46. Kc1 b2+ 47. Kc2 Bd3+ 0-1

[Event "Niteroi op 3rd"]
[Site "Niteroi"]
[Date "2023.09.07"]
[Round "6"]
[White "Dos Santos, Thiago L Verbicario"]
[Black "Cruz, Nuno Gabriel Mendes"]
[Result "1-0"]
[WhiteElo "1809"]
[BlackElo "1788"]
[PlyCount "95"]
[EventDate "2023.09.04"]
[EventType "swiss"]
[EventRounds "9"]
[EventCountry "BRA"]
[SourceTitle "EXT 2024"]
[Source "ChessBase"]
[SourceDate "2023.10.10"]
[SourceVersion "1"]
[SourceVersionDate "2023.10.10"]
[SourceQuality "1"]

1. e4 d6 2. d4 Nf6 3. Nc3 g6 4. f3 c6 5. Be3 Qc7 6. Qd2 b5 7. 0-0-0 Bb7 8. g4 Na6 9. h4 e5 10. h5 b4 11. Na4 Qa5 12. b3 0-0-0 13. dxe5 dxe5 14. Qxd8+ Qxd8 15. Rxd8+ Kxd8 16. hxg6 fxg6 17. Bxa7 Nd7 18. Be3 h5 19. Bc4 Rh7 20. Ne2 c5 21. gxh5 gxh5 22. Ng3 h4 23. Nf5 h3 24. Rh2 Nab8 25. Bf1 Ba6 26. Rxh3 Rxh3 27. Bxh3 Be2 28. Bg4 c4 29. Bg5+ Kc7 30. Ng3 cxb3 31. Nxe2 bxa2 32. Kb2 Nb6 33. Nxb6 Kxb6 34. Kxa2 Kb5 35. Kb3 Na6 36. Bd7+ Kc5 37. Be3+ Kd6 38. Bb5 Nc5+ 39. Kc4 Ne6 40. Kxb4 Be7 41. c4 Bg5 42. Bb6 Bd2+ 43. Nc3 Nd4 44. c5+ Ke7 45. Ba4 Ne2 46. Kc4 Nxc3 47. Bb3 Ne2 48. Kd5 1-0

[Event "Niteroi op 3rd"]
[Site "Niteroi"]
[Date "2023.09.05"]
[Round "3"]
[White "Cruz, Nuno Gabriel Mendes"]
[Black "Bonilla Viamonte, Diego Armando"]
[Result "0-1"]
[WhiteElo "1788"]
[BlackElo "1557"]
[PlyCount "82"]
[EventDate "2023.09.04"]
[EventType "swiss"]
[EventRounds "9"]
[EventCountry "BRA"]
[SourceTitle "EXT 2024"]
[Source "ChessBase"]
[SourceDate "2023.10.10"]
[SourceVersion "1"]
[SourceVersionDate "2023.10.10"]
[SourceQuality "1"]

1. e4 c6 2. d4 d5 3. e5 c5 4. c3 Nc6 5. h4 Bf5 6. Na3 cxd4 7. g4 Bd7 8. cxd4 e6 9. Ne2 a6 10. Nc2 Be7 11. g5 h6 12. g6 f6 13. Bf4 Qb6 14. Bg2 h5 15. Rh3 Nh6 16. Rb3 Qa7 17. Ng3 fxe5 18. dxe5 Ng4 19. Qe2 Bxh4 20. 0-0-0 Bxg3 21. fxg3 0-0-0 22. Bf3 Na5 23. Rc3+ Kb8 24. Bxg4 hxg4 25. Be3 b6 26. Qxg4 Rc8 27. Qb4 Nc4 28. Bd4 a5 29. Qe7 Rce8 30. Qxg7 Rhg8 31. Qh6 a4 32. a3 Na5 33. Kb1 Nb3 34. Rf3 Qa6 35. Rf7 Qe2 36. Qe3 Qxd1+ 37. Ka2 Qxc2 38. Bxb6 Qc4 39. g7 d4 40. Qh6 Nd2+ 41. Ka1 Qc1+ 0-1

[Event "Niteroi op 3rd"]
[Site "Niteroi"]
[Date "2023.09.04"]
[Round "1"]
[White "Cruz, Nuno Gabriel Mendes"]
[Black "Dos Santos, Gilvan Nobrega"]
[Result "0-1"]
[WhiteElo "1788"]
[BlackElo "1865"]
[PlyCount "44"]
[EventDate "2023.09.04"]
[EventType "swiss"]
[EventRounds "9"]
[EventCountry "BRA"]
[SourceTitle "EXT 2024"]
[Source "ChessBase"]
[SourceDate "2023.10.10"]
[SourceVersion "1"]
[SourceVersionDate "2023.10.10"]
[SourceQuality "1"]

1. d4 Nf6 2. Nf3 d6 3. Nc3 c6 4. g3 Qc7 5. a4 e5 6. Bg2 Be7 7. 0-0 Nbd7 8. Re1 Nf8 9. d5 Ng6 10. e4 0-0 11. Qe2 cxd5 12. Nb5 Qd8 13. exd5 a6 14. Na3 Bf5 15. b3 Nxd5 16. Nxe5 dxe5 17. Rd1 Nc3 18. Rxd8 Nxe2+ 19. Kf1 Nxg3+ 20. hxg3 Raxd8 21. Bxb7 Rd1+ 22. Ke2 Rxc1 0-1